Plan de desarrollo Facultad de Ingeniería, 91-93. Informes de gerentes, plan operativo 91 - 2 (Registro nro. 698)

Detalles MARC
001 - NÚMERO DE CONTROL
campo de control 1933
005 - FECHA Y HORA DE LA ÚLTIMA TRANSACCIÓN
campo de control 20260428103440.0
008 - DATOS DE LONGITUD FIJA--INFORMACIÓN GENERAL
campo de control de longitud fija 950509s1994 spa
035 ## - NÚMERO DE CONTROL DEL SISTEMA
Número de control de sistema 1933
035 ## - NÚMERO DE CONTROL DEL SISTEMA
Número de control de sistema (OCoLC)778056304
040 ## - FUENTE DE LA CATALOGACIÓN
Centro/agencia transcriptor comduadb
041 ## - CÓDIGO DE LENGUA
Código de lengua del texto/banda sonora o título independiente spa
080 ## - NÚMERO DE LA CLASIFICACIÓN DECIMAL UNIVERSAL
Número de la Clasificación Decimal Universal I-13600
082 #4 - NÚMERO DE LA CLASIFICACIÓN DECIMAL DEWEY
Número de clasificación 378
110 20 - ENTRADA PRINCIPAL--NOMBRE DE ENTIDAD CORPORATIVA
Nombre de entidad corporativa o nombre de jurisdicción como elemento de entrada Universidad de Antioquia. Facultad de Ingeniería. Comité de Planificación de Ingeniería
Código de función aut
Término indicativo de función/relación Autor/a
9 (RLIN) 828179
245 10 - MENCIÓN DE TÍTULO
Título Plan de desarrollo Facultad de Ingeniería, 91-93. Informes de gerentes, plan operativo 91 - 2
260 ## - PUBLICACIÓN, DISTRIBUCIÓN, ETC.
Lugar de publicación, distribución, etc. Medellín,
Fecha de publicación, distribución, etc. 1994.
300 ## - DESCRIPCIÓN FÍSICA
Extensión 120 páginas
650 ## - PUNTO DE ACCESO ADICIONAL DE MATERIA--TÉRMINO DE MATERIA
Término de materia o nombre geográfico como elemento de entrada Planificación universitaria - Medellín
9 (RLIN) 3672
650 ## - PUNTO DE ACCESO ADICIONAL DE MATERIA--TÉRMINO DE MATERIA
Término de materia o nombre geográfico como elemento de entrada Universidad de Antioquia. Facultad de Ingeniería - Producción intelectual
9 (RLIN) 156500
650 ## - PUNTO DE ACCESO ADICIONAL DE MATERIA--TÉRMINO DE MATERIA
Término de materia o nombre geográfico como elemento de entrada Universidad de Antioquia. Facultad de Ingeniería - Historia
9 (RLIN) 156383
650 ## - PUNTO DE ACCESO ADICIONAL DE MATERIA--TÉRMINO DE MATERIA
Término de materia o nombre geográfico como elemento de entrada Universidad de Antioquia. Facultad de Ingeniería - Planes de desarrollo
9 (RLIN) 158072
700 10 - ENTRADA AGREGADA--NOMBRE PERSONAL
Nombre de persona Restrepo González, Guillermo
Código de función edt
Término indicativo de función/relación Editor/a
9 (RLIN) 239960
942 ## - ELEMENTOS DE ENTRADA AGREGADA (KOHA)
Tipo de ítem Koha Libros
Existencias
Estado de retiro Estado de pérdida Estado dañado No para préstamo Código de colección Localización permanente Ubicación/localización actual Fecha de adquisición Número de inventario Total de préstamos Signatura topográfica completa Código de barras Fecha visto por última vez Número de copia Precio válido a partir de Tipo de ítem Koha Fuente de adquisición
        Colección Antioquia 4to piso Biblioteca Carlos Gaviria Díaz, Campus Medellín Biblioteca Carlos Gaviria Díaz, Campus Medellín 13/05/1998 C2378   378.86126 U58pe 1991-1993 61000002228076 20/04/2023 1 20/04/2023 Libros - Reserva  
        Colección Antioquia 4to piso Biblioteca Carlos Gaviria Díaz, Campus Medellín Biblioteca Carlos Gaviria Díaz, Campus Medellín 28/03/2001 C675767   378.86126 U58p1999-2000 61000003896863 20/04/2023 2 20/04/2023 Libros - Reserva Material adquirido por donación
        Colección Patrimonial Centro Documentación Ingeniería (Bl. 20-146) Centro Documentación Ingeniería (Bl. 20-146) 29/01/2007 C937005   I 00106 0628560 29/01/2025 3 20/04/2023 Libros - Reserva